LASERS in dentistry: guide for clinical practice
محفوظ في:
| المؤلف الرئيسي: | |
|---|---|
| التنسيق: | كتاب |
| اللغة: | الإنجليزية |
| منشور في: |
Wiley Blackwell
2015
|
| الوسوم: |
إضافة وسم
لا توجد وسوم, كن أول من يضع وسما على هذه التسجيلة!
|
MARC
| LEADER | 00000nam a22000007a 4500 | ||
|---|---|---|---|
| 008 | 201215b ||||| |||| 00| 0 eng d | ||
| 020 | |a 978-1-118-27502-3 | ||
| 100 | |a Patricia M. Freitas [and] Alyne Simoes | ||
| 245 | |a LASERS in dentistry: guide for clinical practice |c edited by Patricia M. Freitas and Alyne Simoes |g xiii; 358p.; ill. | ||
| 250 | |c Freitas P. M. and Simoes A. | ||
| 260 | |b Wiley Blackwell |c 2015 |h Chichester, West Sussex |i 685080 |l RK501 .L33 |m Laser therapy – Methods |m Oral surgical procedures – Instrumentation |m Dentistry – Methods |m Stomatognathic diseases – Therapy | ||
| 500 | |a It includes bibliographical references and index | ||
| 942 | |a lcc |c BK |e ADEYEYE Y. S. |f 15/12/2020 | ||
| 952 | |0 0 |1 0 |2 lcc |4 0 |6 RK0501 L33 |7 0 |9 516 |a HOL |b HOL |c QZ |d 2020-12-15 |l 0 |o RK501 .L33 |p 2020-2242 |r 2020-12-15 00:00:00 |w 2020-12-15 |y BK | ||
| 999 | |c 275 |d 275 | ||